Zavedenie bankovej dane

Postupy a formy zdaňovania bánk v EÚ a zavedenie bankovej dane v SR. Rôzne prístupy naznačujúce stanovenie bankovej dane v členských štátoch EÚ, ako aj názory na jej zavedenie, ktoré nie sú jednoznačné.

Enregistré dans:
Détails bibliographiques
Auteur principal: Schultzová, Anna
Format: Chapitre de livre
Langue:slovaque
Sujets:
Tags: Ajouter un tag
Pas de tags, Soyez le premier à ajouter un tag!

MARC

LEADER 00000naa a2200000 4500
001 0146556
005 20240502072638.0
041 0 |a slo 
044 |a SK 
245 1 0 |a Zavedenie bankovej dane  |c Anna Schultzová 
520 |a Postupy a formy zdaňovania bánk v EÚ a zavedenie bankovej dane v SR. Rôzne prístupy naznačujúce stanovenie bankovej dane v členských štátoch EÚ, ako aj názory na jej zavedenie, ktoré nie sú jednoznačné. 
610 2 0 |a Európska únia 
610 2 0 |a Slovensko 
610 2 0 |a banky 
610 2 0 |a inštitúcie finančné 
610 2 0 |a zdaňovanie 
610 2 0 |a dane 
610 2 0 |a politika fiškálna 
610 2 0 |a spolupráca medzinárodná 
100 1 |a Schultzová, Anna